<?xml version="1.0" encoding="UTF-8"?>
<record
    xmlns:xsi="http://www.w3.org/2001/XMLSchema-instance"
    xsi:schemaLocation="http://www.loc.gov/MARC21/slim http://www.loc.gov/standards/marcxml/schema/MARC21slim.xsd"
    xmlns="http://www.loc.gov/MARC21/slim">

  <leader>01334nam a22003135i 4500</leader>
  <controlfield tag="001">183103</controlfield>
  <controlfield tag="003">ES-MaACL</controlfield>
  <controlfield tag="005">20260426162626.0</controlfield>
  <controlfield tag="008">140116s1993    sp |         |||| ||spa d</controlfield>
  <datafield tag="020" ind1=" " ind2=" ">
    <subfield code="a">84-397-1887-X</subfield>
  </datafield>
  <datafield tag="080" ind1=" " ind2=" ">
    <subfield code="a">929 Pasternak, Boris</subfield>
  </datafield>
  <datafield tag="080" ind1=" " ind2=" ">
    <subfield code="a">929 Rilke, Rainer Maria</subfield>
  </datafield>
  <datafield tag="080" ind1=" " ind2=" ">
    <subfield code="a">929 Tsvetaeva, Marina Ivanovna</subfield>
  </datafield>
  <datafield tag="100" ind1="1" ind2=" ">
    <subfield code="a">Pasternak, Boris Leonidovich.</subfield>
    <subfield code="9">89464</subfield>
  </datafield>
  <datafield tag="245" ind1="1" ind2="0">
    <subfield code="a">Cartas del verano de 1926 /</subfield>
    <subfield code="c">Bor&#xED;s Pasternak, Rainer Maria Rilke, Marina Tsviet&#xE1;ieva ; introducci&#xF3;n, recopilaci&#xF3;n y notas de K.M. Azadovski, Elena Pasternak y Evgueni Pasternak ; traducci&#xF3;n de Selma Ancira ; versi&#xF3;n de los poemas en ruso de Tatiana Bubnova.</subfield>
  </datafield>
  <datafield tag="260" ind1=" " ind2=" ">
    <subfield code="a">Barcelona :</subfield>
    <subfield code="b">Mondadori,</subfield>
    <subfield code="c">[1993]</subfield>
  </datafield>
  <datafield tag="300" ind1=" " ind2=" ">
    <subfield code="a">347 p., [8] p. de l&#xE1;m. ;</subfield>
    <subfield code="c">20 cm.</subfield>
  </datafield>
  <datafield tag="490" ind1="1" ind2=" ">
    <subfield code="a">El espejo de tinta. Serie Vidas privadas</subfield>
  </datafield>
  <datafield tag="700" ind1="1" ind2="1">
    <subfield code="a">Bubnova, Tatiana.</subfield>
    <subfield code="9">32270</subfield>
  </datafield>
  <datafield tag="700" ind1="1" ind2=" ">
    <subfield code="a">Rilke, Rainer Maria,</subfield>
    <subfield code="d">1875-1926</subfield>
    <subfield code="9">97230</subfield>
  </datafield>
  <datafield tag="700" ind1="0" ind2=" ">
    <subfield code="a">Tsvetaeva, Marina Ivanovna,</subfield>
    <subfield code="d">1892-1941</subfield>
    <subfield code="9">111614</subfield>
  </datafield>
  <datafield tag="700" ind1="1" ind2=" ">
    <subfield code="a">Azadovski, Konstantin,</subfield>
    <subfield code="d">1941-</subfield>
    <subfield code="9">154211</subfield>
  </datafield>
  <datafield tag="700" ind1="1" ind2=" ">
    <subfield code="a">Pasternak, Elena.</subfield>
    <subfield code="9">154212</subfield>
  </datafield>
  <datafield tag="700" ind1="1" ind2=" ">
    <subfield code="a">Pasternak, Evgueni.</subfield>
    <subfield code="9">154213</subfield>
  </datafield>
  <datafield tag="700" ind1="1" ind2=" ">
    <subfield code="a">Ancira, Selma,</subfield>
    <subfield code="d">1956-</subfield>
    <subfield code="9">21408</subfield>
  </datafield>
  <datafield tag="830" ind1="0" ind2=" ">
    <subfield code="a">El espejo de tinta. Serie Vidas privadas</subfield>
    <subfield code="9">224938</subfield>
  </datafield>
  <datafield tag="852" ind1=" " ind2=" ">
    <subfield code="a">ES-MaACL</subfield>
    <subfield code="j">L-29920</subfield>
    <subfield code="z">.- Donat. Miguel A. Velasco</subfield>
  </datafield>
  <datafield tag="999" ind1=" " ind2=" ">
    <subfield code="c">183103</subfield>
    <subfield code="d">183103</subfield>
  </datafield>
  <datafield tag="952" ind1=" " ind2=" ">
    <subfield code="0">0</subfield>
    <subfield code="1">0</subfield>
    <subfield code="4">0</subfield>
    <subfield code="7">0</subfield>
    <subfield code="a">ATENEOM</subfield>
    <subfield code="b">ATENEOM</subfield>
    <subfield code="c">DEPO2</subfield>
    <subfield code="d">2014-01-16</subfield>
    <subfield code="e">DON</subfield>
    <subfield code="l">0</subfield>
    <subfield code="o">L-29920</subfield>
    <subfield code="p">1192442</subfield>
    <subfield code="r">2023-02-23 00:00:00</subfield>
    <subfield code="w">2023-02-23</subfield>
    <subfield code="y">MONOGRAFIA</subfield>
  </datafield>
</record>
